<?xml version="1.0" encoding="UTF-8"?>
<collection xmlns="http://www.loc.gov/MARC21/slim">
 <record>
  <leader>03348cam a2200541   4500</leader>
  <controlfield tag="001">1664325352</controlfield>
  <controlfield tag="003">DE-627</controlfield>
  <controlfield tag="005">20220712125546.0</controlfield>
  <controlfield tag="007">tu</controlfield>
  <controlfield tag="008">190430s2018    it |||||      00| ||ita c</controlfield>
  <datafield tag="010" ind1=" " ind2=" ">
   <subfield code="a">  2018446123</subfield>
  </datafield>
  <datafield tag="020" ind1=" " ind2=" ">
   <subfield code="a">9788871408903</subfield>
   <subfield code="c"> : (28.00 EUR)</subfield>
   <subfield code="9">978-88-7140-890-3</subfield>
  </datafield>
  <datafield tag="035" ind1=" " ind2=" ">
   <subfield code="a">(DE-627)1664325352</subfield>
  </datafield>
  <datafield tag="035" ind1=" " ind2=" ">
   <subfield code="a">(DE-599)KXP1664325352</subfield>
  </datafield>
  <datafield tag="035" ind1=" " ind2=" ">
   <subfield code="a">(OCoLC)1333944884</subfield>
  </datafield>
  <datafield tag="040" ind1=" " ind2=" ">
   <subfield code="a">DE-627</subfield>
   <subfield code="b">ger</subfield>
   <subfield code="c">DE-627</subfield>
   <subfield code="e">rda</subfield>
  </datafield>
  <datafield tag="041" ind1=" " ind2=" ">
   <subfield code="a">ita</subfield>
  </datafield>
  <datafield tag="044" ind1=" " ind2=" ">
   <subfield code="c">XA-IT</subfield>
  </datafield>
  <datafield tag="050" ind1=" " ind2="0">
   <subfield code="a">DS56</subfield>
  </datafield>
  <datafield tag="084" ind1=" " ind2=" ">
   <subfield code="a">BO 9150</subfield>
   <subfield code="2">rvk</subfield>
   <subfield code="0">(DE-625)rvk/14856:</subfield>
  </datafield>
  <datafield tag="084" ind1=" " ind2=" ">
   <subfield code="a">NG 5380</subfield>
   <subfield code="2">rvk</subfield>
   <subfield code="0">(DE-625)rvk/125436:13127</subfield>
  </datafield>
  <datafield tag="111" ind1="2" ind2=" ">
   <subfield code="a">Convegno internazionale e inter-ateneo Tra servizio civile e missioni estere: il contributo dell'Italia ai beni culturali della Terra Santa</subfield>
   <subfield code="d">2014</subfield>
   <subfield code="c">Campobasso</subfield>
   <subfield code="j">VerfasserIn</subfield>
   <subfield code="0">(DE-588)1181242150</subfield>
   <subfield code="0">(DE-627)166265359X</subfield>
   <subfield code="4">aut</subfield>
  </datafield>
  <datafield tag="245" ind1="1" ind2="0">
   <subfield code="a">Tra servizio civile e missioni estere</subfield>
   <subfield code="b">il contributo dell'Italia ai beni culturali della Terra Santa : atti del Convegno internazionale e inter-ateneo : Università degli studi del Molise, Università degli studi di Bari, Studium Biblicum Franciscanum di Gerusalemme, Campobasso, 27 ottobre 2014</subfield>
   <subfield code="c">a cura di Fulvia Ciliberto ; redazione di Daniela Massara</subfield>
  </datafield>
  <datafield tag="264" ind1=" " ind2="1">
   <subfield code="a">Roma</subfield>
   <subfield code="b">Edizioni Quasar</subfield>
   <subfield code="c">[2018]</subfield>
  </datafield>
  <datafield tag="300" ind1=" " ind2=" ">
   <subfield code="a">230 Seiten</subfield>
   <subfield code="b">Illustrationen, Karten</subfield>
   <subfield code="c">30 cm</subfield>
  </datafield>
  <datafield tag="336" ind1=" " ind2=" ">
   <subfield code="a">Text</subfield>
   <subfield code="b">txt</subfield>
   <subfield code="2">rdacontent</subfield>
  </datafield>
  <datafield tag="336" ind1=" " ind2=" ">
   <subfield code="a">unbewegtes Bild</subfield>
   <subfield code="b">sti</subfield>
   <subfield code="2">rdacontent</subfield>
  </datafield>
  <datafield tag="337" ind1=" " ind2=" ">
   <subfield code="a">ohne Hilfsmittel zu benutzen</subfield>
   <subfield code="b">n</subfield>
   <subfield code="2">rdamedia</subfield>
  </datafield>
  <datafield tag="338" ind1=" " ind2=" ">
   <subfield code="a">Band</subfield>
   <subfield code="b">nc</subfield>
   <subfield code="2">rdacarrier</subfield>
  </datafield>
  <datafield tag="500" ind1=" " ind2=" ">
   <subfield code="a">Includes bibliographical references</subfield>
  </datafield>
  <datafield tag="546" ind1=" " ind2=" ">
   <subfield code="a">Contributions in Italian; abstracts in English</subfield>
  </datafield>
  <datafield tag="650" ind1=" " ind2="0">
   <subfield code="a">Art</subfield>
   <subfield code="z">Jerusalem</subfield>
   <subfield code="v">Congresses</subfield>
  </datafield>
  <datafield tag="650" ind1=" " ind2="0">
   <subfield code="a">Excavations (Archaeology)</subfield>
   <subfield code="z">Middle East</subfield>
   <subfield code="v">Congresses</subfield>
  </datafield>
  <datafield tag="650" ind1=" " ind2="0">
   <subfield code="a">Excavations (Archaeology)</subfield>
   <subfield code="z">Jerusalem</subfield>
   <subfield code="v">Congresses</subfield>
  </datafield>
  <datafield tag="651" ind1=" " ind2="0">
   <subfield code="a">Jerusalem</subfield>
   <subfield code="x">Antiquities</subfield>
   <subfield code="v">Congresses</subfield>
  </datafield>
  <datafield tag="651" ind1=" " ind2="0">
   <subfield code="a">Middle East</subfield>
   <subfield code="x">Antiquities</subfield>
   <subfield code="v">Congresses</subfield>
  </datafield>
  <datafield tag="655" ind1=" " ind2="7">
   <subfield code="a">Konferenzschrift</subfield>
   <subfield code="y">2014</subfield>
   <subfield code="z">Campobasso</subfield>
   <subfield code="0">(DE-588)1071861417</subfield>
   <subfield code="0">(DE-627)826484824</subfield>
   <subfield code="0">(DE-576)433375485</subfield>
   <subfield code="2">gnd-content</subfield>
  </datafield>
  <datafield tag="700" ind1="1" ind2=" ">
   <subfield code="a">Ciliberto, Fulvia</subfield>
   <subfield code="e">HerausgeberIn</subfield>
   <subfield code="4">edt</subfield>
  </datafield>
  <datafield tag="700" ind1="1" ind2=" ">
   <subfield code="a">Massara, Daniela</subfield>
   <subfield code="e">HerausgeberIn</subfield>
   <subfield code="0">(DE-588)111875879X</subfield>
   <subfield code="0">(DE-627)872247147</subfield>
   <subfield code="0">(DE-576)479621780</subfield>
   <subfield code="4">edt</subfield>
  </datafield>
  <datafield tag="710" ind1="2" ind2=" ">
   <subfield code="a">Universistà degli studi del Milise</subfield>
   <subfield code="e">VeranstalterIn</subfield>
   <subfield code="4">orm</subfield>
  </datafield>
  <datafield tag="710" ind1="2" ind2=" ">
   <subfield code="a">Università degli studi di Bari Aldo Moro</subfield>
   <subfield code="e">VeranstalterIn</subfield>
   <subfield code="0">(DE-588)16008705-3</subfield>
   <subfield code="0">(DE-627)600044955</subfield>
   <subfield code="0">(DE-576)306332450</subfield>
   <subfield code="4">orm</subfield>
  </datafield>
  <datafield tag="787" ind1="0" ind2="8">
   <subfield code="i">Rezensiert in</subfield>
   <subfield code="a">Arata, Piera</subfield>
   <subfield code="t">[Rezension von: Fulvia Ciliberto (Hrsg.), Tra servizio civile e missioni estere. Il contributo dell'Italia ai beni culturali della Terra Santa]</subfield>
   <subfield code="d">2019</subfield>
   <subfield code="w">(DE-627)180189793X</subfield>
  </datafield>
  <datafield tag="856" ind1="4" ind2="2">
   <subfield code="u">http://www.loc.gov/catdir/toc/casalini17/4402981.pdf</subfield>
   <subfield code="v">2019-04-30</subfield>
   <subfield code="x">Verlag</subfield>
   <subfield code="3">Inhaltsverzeichnis</subfield>
  </datafield>
  <datafield tag="936" ind1="r" ind2="v">
   <subfield code="a">BO 9150</subfield>
   <subfield code="b">Aelia (Jerusalem)</subfield>
   <subfield code="k">Patrologie und Kirchengeschichte</subfield>
   <subfield code="k">Christliche Archäologie und Kunstgeschichte</subfield>
   <subfield code="k">Städte</subfield>
   <subfield code="k">Aelia (Jerusalem)</subfield>
   <subfield code="0">(DE-627)1270752197</subfield>
   <subfield code="0">(DE-625)rvk/14856:</subfield>
   <subfield code="0">(DE-576)200752197</subfield>
  </datafield>
  <datafield tag="936" ind1="r" ind2="v">
   <subfield code="a">NG 5380</subfield>
   <subfield code="b">Einzelne Landschaften und Städte</subfield>
   <subfield code="k">Alte Geschichte</subfield>
   <subfield code="k">Geschichte und Kultur des alten Orients und der Mittelmeervölker (ohne Griechen und Römer)</subfield>
   <subfield code="k">Einzelne Reiche und Völker</subfield>
   <subfield code="k">Levante (Israel, Palästina, Libanon, Jordanien)</subfield>
   <subfield code="k">Einzelne Landschaften und Städte</subfield>
   <subfield code="0">(DE-627)1399019376</subfield>
   <subfield code="0">(DE-625)rvk/125436:13127</subfield>
   <subfield code="0">(DE-576)329019376</subfield>
  </datafield>
  <datafield tag="951" ind1=" " ind2=" ">
   <subfield code="a">BO</subfield>
  </datafield>
  <datafield tag="991" ind1=" " ind2=" ">
   <subfield code="a">Rezensiertes Werk</subfield>
  </datafield>
  <datafield tag="999" ind1=" " ind2=" ">
   <subfield code="a">KXP-PPN1664325352</subfield>
   <subfield code="e">4153440531</subfield>
  </datafield>
 </record>
</collection>
